000 00443 a2200157 4500
001 67178
020 _a8508071515
040 _cAnchieta - Pituba
100 _aRodrigo, Maria José
240 1 0 _aDomínios do conhecimento, prática educativa e formação de professores
_lpor
245 1 0 _aDomínios do conhecimento, prática educativa e formação de professores
300 _a238
362 0 _a2002
650 4 _aEducação
942 _cBK
999 _c67178
_d67178